[Event "Open Semana Santa 2023"]
[Site "?"]
[Date "2023.04.09"]
[Round "8.130"]
[White "Groapa, Aurelian"]
[Black "Torres Rebolledo, Victor"]
[Result "0-1"]
[WhiteElo "1692"]
[BlackElo "1960"]
[PlyCount "132"]

1. e4 c6 2. d4 d5 3. Nc3 dxe4 4. Nxe4 Nf6 5. Ng3 h5 6. Nf3 g6 7. Bg5 Bg7 8. Qd2
Be6 9. Bd3 Bd5 10. Nh4 Qd6 11. O-O Nh7 12. Nhf5 gxf5 13. Nxf5 Qg6 14. f4 Nxg5
15. fxg5 Rg8 16. h4 c5 17. Nxe7 Bxd4+ 18. Kh1 Qe6 19. Nf5 Be5 20. Rae1 Nd7 21.
c4 Bc6 22. Be4 Bxe4 23. Rxe4 O-O-O 24. Qe2 Rde8 25. Nh6 Rg7 26. Nf5 Rh7 27. Ne3
f6 28. g6 Rg7 29. Qxh5 Reg8 30. Rg4 Nf8 31. Qf5 Rxg6 32. Rxg6 Rxg6 33. Nd5 Rh6
34. h5 Qxf5 35. Rxf5 Kd7 36. b3 Ne6 37. g4 Ng7 38. Rf3 f5 39. Re3 Bd6 40. gxf5
Rxh5+ 41. Kg2 Rxf5 42. Rh3 Ne6 43. Rh7+ Kc6 44. Kg1 Nf4 45. Nc3 Rg5+ 46. Kf1 a6
47. Ne4 Rg6 48. Rf7 Nd3 49. Nc3 Re6 50. Rf3 Nf4 51. Kf2 b5 52. a3 b4 53. axb4
cxb4 54. Na4 Ng6 55. Rf5 Ne5 56. Kf1 Bc5 57. Rh5 Bd4 58. Rh8 Nd7 59. Rc8+ Kd6
60. Rd8 Ke7 61. Rg8 Re3 62. Ra8 Rxb3 63. Rxa6 Ra3 64. Ke2 b3 65. Kd3 b2+ 66.
Kc2 Ra1 0-1

[Event "Open Semana Santa 2023"]
[Site "?"]
[Date "2023.04.09"]
[Round "8.131"]
[White "Persson Bogdanovic, Nils Oskar"]
[Black "Rodriguez Bittar, Karim Javier"]
[Result "1/2-1/2"]
[WhiteElo "1690"]
[BlackElo "1959"]
[PlyCount "48"]

1. e4 c6 2. Nf3 d5 3. Nc3 Bg4 4. d4 e6 5. Bf4 dxe4 6. Nxe4 Nf6 7. Qd3 Nxe4 8.
Qxe4 Bf5 9. Qe2 Nd7 10. h4 Nf6 11. c3 Bd6 12. Ne5 Nd5 13. Bd2 h5 14. g3 Qc7 15.
Bg2 f6 16. Nc4 O-O-O 17. O-O Bg4 18. Nxd6+ Qxd6 19. Qc4 g5 20. hxg5 h4 21. Bxd5
exd5 22. Qc5 Qxc5 23. dxc5 hxg3 24. fxg3 f5 1/2-1/2

[Event "Open Semana Santa 2023"]
[Site "?"]
[Date "2023.04.09"]
[Round "8.132"]
[White "Donate Moreno, David"]
[Black "Lacaci Otero, Ivan"]
[Result "1-0"]
[WhiteElo "1958"]
[BlackElo "1727"]
[PlyCount "89"]

1. e4 g6 2. d4 Bg7 3. Nc3 d6 4. Bf4 a6 5. Qd2 b5 6. Nf3 Nd7 7. O-O-O Bb7 8. Bd3
c5 9. dxc5 Nxc5 10. Be3 Qa5 11. Bxc5 Bxc3 12. Qxc3 Qxc3 13. bxc3 dxc5 14. c4
Bc6 15. Ne5 Bb7 16. cxb5 axb5 17. Bxb5+ Kf8 18. Nd7+ Kg7 19. Nxc5 Rb8 20. a4
Nf6 21. Nd7 Nxd7 22. Rxd7 Bxe4 23. Re1 Bxg2 24. Rexe7 Rhf8 25. c4 Bh3 26. Rc7
Rbc8 27. Bc6 Be6 28. Bb7 Rxc7 29. Rxc7 Rd8 30. a5 Rd3 31. a6 Ra3 32. Kb2 Ra5
33. Kb3 Kf6 34. Kb4 Ra2 35. Kb5 Ke5 36. Rc5+ Kd6 37. Kb6 Rb2+ 38. Rb5 Ra2 39.
c5+ Kd7 40. a7 Bc4 41. a8=Q Rxa8 42. Bxa8 Bxb5 43. Kxb5 Kc7 44. Bh1 h5 45. Bd5
1-0

[Event "Open Semana Santa 2023"]
[Site "?"]
[Date "2023.04.09"]
[Round "8.133"]
[White "Anton Ortiz, Carlos"]
[Black "Beneyto De Ramon, Guillermo"]
[Result "0-1"]
[WhiteElo "1668"]
[BlackElo "1953"]
[PlyCount "76"]

1. d4 d5 2. Nf3 e6 3. c4 c5 4. g3 Nc6 5. cxd5 exd5 6. Bg2 Nf6 7. O-O Be7 8.
dxc5 Bxc5 9. Bg5 O-O 10. Nc3 d4 11. Ne4 Be7 12. Bxf6 Bxf6 13. Nxf6+ Qxf6 14.
Rc1 Bf5 15. Qb3 Rab8 16. a3 Rfe8 17. Rfd1 Rxe2 18. Rxc6 Qxc6 19. Nxd4 Bc2 20.
Qxc2 Qxc2 21. Nxc2 Rxc2 22. Bxb7 Rxb2 23. Be4 g6 24. a4 R2b4 25. Bc6 Rb1 26.
Rxb1 Rxb1+ 27. Kg2 Kg7 28. g4 Rb6 29. Bb5 a6 30. Bd3 Rb4 31. Bxa6 Rxg4+ 32. Kf3
Rxa4 33. Bb5 Rb4 34. Bc6 Kf6 35. Kg3 g5 36. f3 h5 37. Be4 Rxe4 38. fxe4 Ke5 0-1

[Event "Open Semana Santa 2023"]
[Site "?"]
[Date "2023.05.09"]
[Round "8.134"]
[White "Hurtado Rueda, Manuel"]
[Black "Garcia Vives, Joan"]
[Result "1-0"]
[WhiteElo "1951"]
[BlackElo "1731"]
[PlyCount "57"]

1. e4 c5 2. Bc4 e6 3. Qe2 Nc6 4. Nf3 Qc7 5. c3 d6 6. O-O Nf6 7. d4 Be7 8. h3
cxd4 9. cxd4 d5 10. exd5 Nxd5 11. Bxd5 exd5 12. Nc3 Be6 13. Nb5 Qb6 14. Bf4 Rc8
15. Bd6 a6 16. Bxe7 Nxe7 17. Nc3 O-O 18. Na4 Qb4 19. Nc5 Rc6 20. Ng5 Nf5 21. a3
Qb6 22. b4 h6 23. Ngxe6 Re8 24. Qd3 fxe6 25. Rfe1 Ne7 26. Re3 Kh8 27. Rae1 Ng8
28. Nd7 Qd8 29. Ne5 1-0

[Event "Open Semana Santa 2023"]
[Site "?"]
[Date "2023.04.09"]
[Round "8.135"]
[White "Herraiz Gomez, Iker"]
[Black "Crespo Ruiz, Manuel Maria"]
[Result "1/2-1/2"]
[WhiteElo "1668"]
[BlackElo "1936"]
[PlyCount "84"]

1. e4 c5 2. Nf3 Nc6 3. Nc3 d6 4. d4 cxd4 5. Nxd4 e5 6. Ndb5 a6 7. Na3 Be7 8.
Be3 b5 9. Nd5 Rb8 10. Be2 Nf6 11. Bf3 O-O 12. O-O Be6 13. c4 bxc4 14. Nxc4 Bxd5
15. exd5 Na5 16. Be2 Nxc4 17. Bxc4 Qa5 18. Rc1 Rfc8 19. Bb3 Qb5 20. f4 e4 21.
g4 Bd8 22. Rxc8 Rxc8 23. g5 Bb6 24. Bxb6 Qxb6+ 25. Kh1 Nd7 26. Qg4 Qb5 27. Kg2
Re8 28. Bc4 Qxb2+ 29. Rf2 Qb7 30. Bxa6 Qxa6 31. Qxd7 Rb8 32. Rc2 g6 33. Qg4 Qd3
34. Rc8+ Rxc8 35. Qxc8+ Kg7 36. Qc6 e3 37. Qxd6 Qe2+ 38. Kh3 Qf3+ 39. Kh4 h5
40. gxh6+ Kxh6 41. Qf8+ Kh7 42. Qxf7+ Kh8 1/2-1/2

[Event "Open Semana Santa 2023"]
[Site "?"]
[Date "2023.04.09"]
[Round "8.136"]
[White "Bocos Delgado, Jon"]
[Black "Roquero Redondo, Miguel"]
[Result "0-1"]
[WhiteElo "1654"]
[BlackElo "1924"]
[PlyCount "96"]

1. d4 d5 2. c4 e6 3. Nc3 Nf6 4. cxd5 exd5 5. Bg5 c6 6. Qc2 Be7 7. e3 Nbd7 8.
Bd3 h6 9. Bh4 O-O 10. Nge2 Re8 11. O-O-O Ne4 12. Bxe7 Qxe7 13. Bxe4 dxe4 14. g4
c5 15. Ng3 cxd4 16. Rxd4 Nc5 17. h3 Be6 18. Kb1 Rac8 19. Ngxe4 Nxe4 20. Rxe4 b5
21. Qd3 Qb7 22. Qxb5 Qa8 23. f3 Rxc3 24. Ka1 Rcc8 25. Qh5 Qc6 26. Rb1 Qd5 27.
Qxd5 Bxd5 28. Rxe8+ Rxe8 29. e4 Be6 30. Rd1 Rc8 31. h4 Kf8 32. Kb1 Ke7 33. Rd3
Rc7 34. b4 Bc4 35. Re3 g5 36. h5 Ke6 37. a4 Ke5 38. Kb2 Kd4 39. Rc3 Rb7 40. b5
a6 41. Kc2 axb5 42. axb5 Rxb5 43. Ra3 Ke5 44. Kd2 Kf4 45. Rc3 Be6 46. Ke2 Rb2+
47. Ke1 Rb3 48. Rxb3 Bxb3 0-1

[Event "Open Semana Santa 2023"]
[Site "?"]
[Date "2023.04.09"]
[Round "8.137"]
[White "Galiana Fernandez, Hector"]
[Black "Kita Ruiz, Ichiro"]
[Result "1/2-1/2"]
[WhiteElo "1599"]
[BlackElo "1919"]
[PlyCount "99"]

1. e4 e6 2. d4 d5 3. exd5 exd5 4. Nf3 Nc6 5. Bd3 Nb4 6. Be2 Bf5 7. Na3 Nc6 8.
Nb1 Bd6 9. O-O Nge7 10. Be3 Qd7 11. Nbd2 Nb4 12. Ne1 Ng6 13. a3 Nc6 14. Nef3
O-O 15. Re1 Nd8 16. c4 dxc4 17. Nxc4 Ne6 18. Nfe5 Bxe5 19. Nxe5 Nxe5 20. dxe5
Qe7 21. Bg4 Rfd8 22. Qf3 Bxg4 23. Qxg4 c5 24. Rad1 b6 25. h3 Rxd1 26. Rxd1 Rd8
27. Kf1 Rd7 28. Qf3 h6 29. Rd5 Qd8 30. Rxd7 Qxd7 31. Qa8+ Kh7 32. Qe4+ Kg8 33.
Qa8+ Kh7 34. Qe4+ g6 35. Ke1 Ng7 36. Qf4 g5 37. Qe4+ Qf5 38. Qxf5+ Nxf5 39. Bd2
Nh4 40. Kf1 Kg6 41. f4 gxf4 42. Bxf4 h5 43. Kf2 Kf5 44. e6 Kxe6 45. Bb8 a6 46.
Ba7 b5 47. Bxc5 f5 48. g3 Ng6 49. Bd4 Kd5 50. Ke3 1/2-1/2

[Event "Open Semana Santa 2023"]
[Site "?"]
[Date "2023.04.09"]
[Round "8.138"]
[White "Bascunana Sanchez, Pablo"]
[Black "Kyriakidis, Orestis"]
[Result "1/2-1/2"]
[WhiteElo "1918"]
[BlackElo "1727"]
[PlyCount "63"]

1. e4 e5 2. Nf3 Nc6 3. Bb5 a6 4. Bxc6 dxc6 5. Nc3 Bd6 6. d4 Bg4 7. Be3 f6 8.
Qd2 Bxf3 9. gxf3 exd4 10. Bxd4 Qe7 11. O-O-O O-O-O 12. Qe2 Nh6 13. Be3 g5 14.
Qf1 Nf7 15. Ne2 Bc5 16. Qh3+ Kb8 17. Qf5 Bxe3+ 18. fxe3 Nd6 19. Qc5 Qf7 20. b3
Qh5 21. Nd4 Nb5 22. Qf5 Qg6 23. Qc5 Nxd4 24. exd4 g4 25. fxg4 Qxe4 26. h3 Rd5
27. Qc3 h5 28. Rhe1 Qf4+ 29. Qe3 Qxe3+ 30. Rxe3 hxg4 31. hxg4 Rg8 32. Rf3
1/2-1/2

[Event "Open Semana Santa 2023"]
[Site "?"]
[Date "2023.04.09"]
[Round "8.139"]
[White "Candela Martin, Alvaro"]
[Black "Soler Nadal, Jose Antonio"]
[Result "1/2-1/2"]
[WhiteElo "1917"]
[BlackElo "1677"]
[PlyCount "58"]

1. e4 c6 2. d4 d5 3. exd5 cxd5 4. Bd3 Nf6 5. h3 e6 6. Bf4 Bd6 7. Bxd6 Qxd6 8.
c3 Bd7 9. Nf3 Nc6 10. O-O O-O-O 11. Re1 Rdg8 12. Ne5 Be8 13. Nd2 Kb8 14. a4 g5
15. Qf3 Qe7 16. Qg3 Ka8 17. b4 Nh5 18. Nxc6 Bxc6 19. Qe5 Nf4 20. Bf1 Ng6 21.
Qe3 h5 22. b5 Bd7 23. c4 g4 24. cxd5 gxh3 25. Qxh3 Nf4 26. Qf3 Qh4 27. Re4 Nh3+
28. Kh2 Nf4+ 29. Kg1 Nh3+ 1/2-1/2

[Event "Open Semana Santa 2023"]
[Site "?"]
[Date "2023.04.09"]
[Round "8.140"]
[White "Segura Marsa, Andres"]
[Black "Mendez Gimenez, Nestor Emmanuel"]
[Result "1-0"]
[WhiteElo "1916"]
[BlackElo "1657"]
[PlyCount "59"]

1. e4 c5 2. Nf3 g6 3. d4 Bg7 4. c4 cxd4 5. Nxd4 Nc6 6. Be3 Nf6 7. Nc3 d6 8. h3
O-O 9. Be2 a5 10. b3 Bd7 11. O-O Nxd4 12. Bxd4 Bc6 13. Qc2 Nd7 14. Bxg7 Kxg7
15. Rad1 Qc7 16. f4 Nc5 17. Kh1 Qb6 18. Bf3 a4 19. Qb2 Kg8 20. b4 Nd7 21. Ne2
a3 22. Qd2 Rfc8 23. f5 Nf8 24. f6 exf6 25. Bg4 Rd8 26. Rxf6 Bxe4 27. Nc3 Bc6
28. Nd5 Bxd5 29. Qxd5 Qc7 30. Rdf1 1-0

[Event "Open Semana Santa 2023"]
[Site "?"]
[Date "2023.04.09"]
[Round "8.141"]
[White "Lopez De Turiso Sanchez, Jose An"]
[Black "Borisova Douchkova, Vanesa"]
[Result "1-0"]
[WhiteElo "1904"]
[BlackElo "1617"]
[PlyCount "91"]

1. c4 Nf6 2. Nc3 e6 3. e4 d5 4. cxd5 exd5 5. e5 Ne4 6. Nf3 Be7 7. Nxe4 dxe4 8.
Qa4+ Bd7 9. Qxe4 Be6 10. Qf4 Bd5 11. Bc4 Nc6 12. Bxd5 Qxd5 13. O-O O-O-O 14. b3
Nd4 15. Nxd4 Qxd4 16. Qxd4 Rxd4 17. Bb2 Rxd2 18. Bc3 Rd3 19. Rac1 Rhd8 20. g3
Ba3 21. Rc2 g6 22. Kg2 Rd1 23. Rxd1 Rxd1 24. f4 Rc1 25. Rxc1 Bxc1 26. Kf3 Kd7
27. g4 c6 28. f5 gxf5 29. gxf5 h5 30. Bd4 b6 31. Be3 Bxe3 32. Kxe3 c5 33. Ke4
Kc6 34. a4 a6 35. f6 Kd7 36. Kd5 h4 37. a5 bxa5 38. Kxc5 Ke6 39. Kd4 h3 40. Ke4
Kd7 41. Kd5 Ke8 42. Kc6 Kd8 43. Kd6 Ke8 44. Kc7 a4 45. bxa4 a5 46. Kc8 1-0

[Event "Open Semana Santa 2023"]
[Site "?"]
[Date "2023.04.09"]
[Round "8.142"]
[White "Lizzul Coppe, Mirko"]
[Black "Yurkovskaya, Yana"]
[Result "1-0"]
[WhiteElo "1902"]
[BlackElo "1578"]
[PlyCount "73"]

1. e4 e6 2. d4 d5 3. Bd3 dxe4 4. Bxe4 Nf6 5. Bf3 Bd6 6. Ne2 c6 7. O-O O-O 8. c4
Nbd7 9. Nbc3 e5 10. Bg5 exd4 11. Nxd4 Ne5 12. Be2 h6 13. Bh4 g5 14. Bg3 h5 15.
Qc1 Nfg4 16. Rd1 h4 17. Bxe5 Nxe5 18. Ne4 Ng4 19. Nxd6 Qxd6 20. Qxg5+ Qg6 21.
Qxh4 Nf6 22. Rd3 Ne4 23. Bh5 Qg5 24. Qxg5+ Nxg5 25. Rg3 f6 26. h4 Kh7 27. hxg5
fxg5 28. Rxg5 Kh6 29. Re5 Bd7 30. g3 Rf6 31. Kg2 Raf8 32. f4 b6 33. Rh1 Kg7 34.
Rg5+ Kh7 35. Be8+ Rh6 36. Rxh6+ Kxh6 37. Bxd7 1-0

[Event "Open Semana Santa 2023"]
[Site "?"]
[Date "2023.04.09"]
[Round "8.143"]
[White "Camarillas Castellano, Pau"]
[Black "Harutian, Arthur William"]
[Result "1-0"]
[WhiteElo "1891"]
[BlackElo "1376"]
[PlyCount "119"]

1. d4 Nf6 2. c4 g6 3. Nc3 d5 4. Bg5 Ne4 5. Bh4 Nxc3 6. bxc3 Bg7 7. e3 c5 8. Bd3
Nc6 9. Rb1 Qa5 10. Qd2 dxc4 11. Bxc4 e5 12. d5 e4 13. Ne2 Ne5 14. Bb5+ Kf8 15.
Bg3 a6 16. Bxe5 axb5 17. Bxg7+ Kxg7 18. Rb2 Rd8 19. O-O b4 20. cxb4 cxb4 21.
Qd4+ Kg8 22. Nf4 Be6 23. Rd1 Qa3 24. Qxb4 Qxb4 25. Rxb4 Rxa2 26. Rxe4 Rxd5 27.
Nxd5 Bxd5 28. Rb4 Kg7 29. g4 Bf3 30. Rdb1 g5 31. h3 Kg6 32. Kh2 Bc6 33. Kg3 h5
34. gxh5+ Kxh5 35. h4 f5 36. hxg5 Kxg5 37. Rd4 Ra3 38. Rc1 Rb3 39. Rcc4 Rb1 40.
f3 Rb3 41. f4+ Kf6 42. Rd6+ Ke7 43. Rcxc6 bxc6 44. Rxc6 Rxe3+ 45. Kh4 Re6 46.
Rc5 Rf6 47. Kg5 Rf8 48. Re5+ Kd6 49. Rxf5 Rg8+ 50. Kf6 Rf8+ 51. Kg6 Rg8+ 52.
Kf7 Rg1 53. Rf6+ Kd7 54. f5 Rf1 55. Kf8 Rg1 56. Rg6 Rf1 57. f6 Ke6 58. f7+ Kd7
59. Kg8 Ke7 60. Rg7 1-0

[Event "Open Semana Santa 2023"]
[Site "?"]
[Date "2023.04.09"]
[Round "8.144"]
[White "Palomo Monserrat, Lorenzo"]
[Black "Arutyunov, Mikael"]
[Result "1/2-1/2"]
[WhiteElo "1890"]
[BlackElo "1481"]
[PlyCount "155"]

1. d4 d5 2. c4 c6 3. cxd5 cxd5 4. Nf3 Nf6 5. Nc3 Nc6 6. Bf4 Bf5 7. e3 Qb6 8.
Qd2 e6 9. Be2 Ne4 10. Qc1 Bb4 11. O-O Bxc3 12. bxc3 Qa5 13. c4 Nc3 14. Qd2
Nxe2+ 15. Qxe2 Qc3 16. Rfc1 Qd3 17. Qxd3 Bxd3 18. cxd5 exd5 19. Rc5 Rd8 20. a4
f6 21. Ra3 Bf5 22. Rb3 Rd7 23. Nd2 Ke7 24. Rbb5 h5 25. Rxd5 Rxd5 26. Rxd5 Be6
27. Rb5 b6 28. d5 Rd8 29. e4 Nd4 30. Bc7 Nxb5 31. Bxd8+ Kxd8 32. axb5 Bd7 33.
Nb3 Bxb5 34. Nd4 Bd3 35. f3 a5 36. Kf2 a4 37. Ke3 Bc4 38. Kd2 Kd7 39. Kc3 b5
40. Nf5 g6 41. Nh4 g5 42. Nf5 Bf1 43. Ne3 Be2 44. h4 gxh4 45. Nf5 h3 46. gxh3
Bxf3 47. Kd4 a3 48. Ne3 b4 49. Nc2 a2 50. Na1 Bd1 51. Kd3 b3 52. Kc3 Kd6 53. h4
Bf3 54. Kxb3 Bxe4 55. Kxa2 Bxd5+ 56. Kb2 Ke5 57. Kc3 Kf4 58. Kd4 Ba2 59. Nc2
Kg4 60. Ke3 f5 61. Nd4 Bb1 62. Nf3 Be4 63. Ne5+ Kxh4 64. Kf4 Kh3 65. Kg5 h4 66.
Ng6 Kg3 67. Nxh4 f4 68. Kh5 Bf3+ 69. Kg5 Bg4 70. Ng2 f3 71. Ne3 f2 72. Nf1+ Kg2
73. Ne3+ Kg3 74. Nf1+ Kf3 75. Nh2+ Kg2 76. Nxg4 f1=Q 77. Ne3+ Kf2 78. Nxf1
1/2-1/2

[Event "Open Semana Santa 2023"]
[Site "?"]
[Date "2023.04.09"]
[Round "8.145"]
[White "Prieto Martin, Manuel"]
[Black "Perez Garcia, Saul"]
[Result "0-1"]
[WhiteElo "1478"]
[BlackElo "1885"]
[Annotator "Usuario"]
[PlyCount "150"]

1. c4 Nf6 2. Nc3 d5 3. cxd5 Nxd5 4. g3 g6 5. Bg2 Nxc3 6. bxc3 Bg7 7. Nf3 O-O 8.
d4 Nc6 9. O-O e5 10. e3 Be6 11. Ba3 Re8 12. Qc2 exd4 13. cxd4 Bd5 14. Nd2 Bxg2
15. Kxg2 Qd5+ 16. Kg1 Rad8 17. Qb3 Qa5 18. Nc4 Qd5 19. Nd2 Na5 20. Qxd5 Rxd5
21. Rac1 c6 22. Rc5 $11 Red8 23. Rfc1 Bf8 24. Rxd5 Rxd5 25. Bxf8 Kxf8 26. Kg2
Ke7 27. Kf3 b6 28. Ke2 g5 29. g4 $11 Rb5 30. Rb1 Rd5 31. Rc1 h6 32. h3 a6 33.
Rb1 Rb5 34. Rxb5 axb5 35. Kd3 Ke6 36. f4 f6 37. f5+ Kd6 38. e4 c5 39. Kc3 Nc6
40. Nf3 b4+ 41. Kd3 Na5 42. e5+ fxe5 43. dxe5+ Kd5 44. e6 c4+ 45. Kc2 Nc6 46.
h4 gxh4 47. Nxh4 Ke5 48. Nf3+ Kf6 49. Nh4 b5 50. Ng6 Nd4+ 51. Kb1 $11 Nxe6 52.
Nh4 Nd4 53. Ng2 Kg5 54. Ne3 Kf4 55. Nd5+ Kxg4 56. f6 Kg5 57. f7 Ne6 58. Nxb4
Kf6 59. a4 bxa4 60. Kb2 Kxf7 61. Kc3 Kg6 62. Kxc4 Nf4 63. Nc2 Kg5 64. Ne3 h5
65. Kb4 h4 66. Kxa4 h3 67. Nf1 Kg4 68. Kb3 Kf3 69. Nh2+ Kg3 70. Nf1+ Kf2 71.
Nh2 $11 Nd3 72. Kc2 Ne5 73. Kc3 Kg2 74. Kd4 Kxh2 75. Kxe5 Kg2 0-1

[Event "Open Semana Santa 2023"]
[Site "?"]
[Date "2023.04.09"]
[Round "8.146"]
[White "Yug Amit Sonigara"]
[Black "Bethencourt Hernandez, Alberto"]
[Result "1/2-1/2"]
[WhiteElo "1230"]
[BlackElo "1882"]
[Annotator "Usuario"]
[PlyCount "148"]

1. e4 c5 2. Nf3 Nc6 3. d4 cxd4 4. Nxd4 g6 5. Nc3 Bg7 6. Be3 Nf6 7. Bc4 Qa5 8.
O-O O-O 9. Kh1 d6 10. h3 Bd7 11. f4 a6 12. Qd3 Rac8 13. Bb3 b5 14. Rf2 Rfd8 15.
Nd5 Nxd5 16. Bxd5 Nb4 17. Qd1 Nxd5 18. exd5 b4 19. Nb3 Qb5 20. Bd4 Qxd5 21.
Bxg7 Qxd1+ 22. Rxd1 Kxg7 23. Rd4 Bf5 24. Rxb4 Bxc2 25. Nd4 Bb1 26. Rf1 Bf5 27.
Rb7 Kf6 28. Kh2 Be4 29. Rb6 Rb8 30. Rxb8 Rxb8 31. b3 Rb4 32. Nf3 Bxf3 33. Rxf3
Kf5 34. Kg3 Rd4 35. Re3 e6 36. Rf3 Rd2 37. a3 Rd4 38. b4 h6 39. h4 h5 40. Rb3
Rxf4 41. a4 e5 42. b5 axb5 43. axb5 Rc4 44. b6 Rc8 45. b7 Rb8 46. Kf3 Ke6 47.
g4 Kd7 48. gxh5 gxh5 49. Ke4 Kc6 50. Rc3+ Kxb7 51. Kd5 Rd8 52. Rf3 Rd7 53. Rc3
f5 54. Ke6 Rd8 55. Ke7 Rc8 56. Rb3+ Ka6 57. Kxd6 e4 58. Ke5 Rc5+ 59. Kf4 Rb5
60. Rg3 Kb6 61. Rg6+ Kc7 62. Rh6 Kd7 63. Rxh5 Ke6 64. Rh6+ Kf7 65. Ra6 Rd5 66.
h5 Kg7 67. Rg6+ Kh7 68. Ra6 Rb5 69. Re6 Kg7 70. Rg6+ Kf7 71. Ra6 e3 72. Kxe3
Rb4 73. h6 Rh4 74. Kf3 Kg8 $11 1/2-1/2

[Event "Open Semana Santa 2023"]
[Site "?"]
[Date "2023.04.09"]
[Round "8.147"]
[White "Bas Mas, Miguel"]
[Black "Pintor Avila, Antonio"]
[Result "1-0"]
[WhiteElo "2107"]
[BlackElo "1656"]
[PlyCount "89"]

1. e4 e5 2. Bc4 Nf6 3. d3 c6 4. Nf3 d5 5. Bb3 Bg4 6. O-O dxe4 7. dxe4 Qxd1 8.
Rxd1 Be7 9. Re1 Bxf3 10. gxf3 O-O 11. Nd2 Nbd7 12. a4 Rfe8 13. Nf1 g6 14. Ne3
a6 15. a5 Rad8 16. Bc4 Nb8 17. Ng4 Nxg4 18. fxg4 Kg7 19. c3 Nd7 20. b4 Nf8 21.
Be3 Rd7 22. Kf1 Ne6 23. Bxe6 fxe6 24. g5 Rd3 25. Rec1 Red8 26. Ke2 R8d7 27.
Rab1 Kf7 28. Rc2 Rd8 29. h4 R3d7 30. c4 Bd6 31. b5 cxb5 32. cxb5 Bc7 33. bxa6
bxa6 34. Bb6 Bxb6 35. Rxb6 Rd6 36. Rc7+ R6d7 37. Rxd7+ Rxd7 38. Rxa6 Rd4 39.
Ra7+ Kg8 40. f3 Ra4 41. a6 Ra3 42. Ra8+ Kg7 43. a7 Ra4 44. Kd3 Ra1 45. Kc4 1-0

[Event "Open Semana Santa 2023"]
[Site "?"]
[Date "2023.04.09"]
[Round "8.148"]
[White "Prodhomme, Boris"]
[Black "Bernardez Gonzalez, Roberto"]
[Result "1-0"]
[WhiteElo "2076"]
[BlackElo "1688"]
[PlyCount "116"]

1. d4 d5 2. c4 e6 3. Nc3 a6 4. cxd5 exd5 5. Bf4 Nf6 6. e3 Bd6 7. Bg5 c6 8. Bd3
Nbd7 9. Nge2 Nf8 10. Qc2 Ne6 11. Bh4 g6 12. f3 Be7 13. O-O-O O-O 14. Kb1 c5 15.
dxc5 Nxc5 16. g4 Nxd3 17. Rxd3 Qa5 18. g5 Nd7 19. Nxd5 Bc5 20. Be1 Qb5 21. Bc3
Qc6 22. e4 b6 23. b4 Bd6 24. Qb2 Re8 25. Rhd1 Bf8 26. Ne3 Qa4 27. Ng4 Re6 28.
Nf4 Rc6 29. Nd5 Bb7 30. Ne5 Nxe5 31. Bxe5 Rac8 32. Nf6+ Kg7 33. Ne8+ Kg8 34.
Nf6+ Kg7 35. Rd8 Rc1+ 36. Rxc1 Rxd8 37. Ne8+ Kg8 38. Nf6+ Kg7 39. Nd7+ Kg8 40.
Nxf8 Kxf8 41. Bg7+ Kg8 42. Bh8 Kf8 43. Qg7+ Ke7 44. Qe5+ Kf8 45. Qg7+ Ke7 46.
Rc7+ Rd7 47. Qe5+ Kf8 48. Bg7+ Kg8 49. Qe8+ Kxg7 50. Qxd7 Qxb4+ 51. Kc2 Bxe4+
52. fxe4 Qxe4+ 53. Kb3 Qe3+ 54. Rc3 Qe5 55. Qd2 Qb5+ 56. Kc2 Qa4+ 57. Kc1 b5
58. Rc8 Qe4 1-0

[Event "Open Semana Santa 2023"]
[Site "?"]
[Date "2023.04.09"]
[Round "8.149"]
[White "Domenech Briz, Jose"]
[Black "FM Van Hoolandt, Patrick"]
[Result "0-1"]
[WhiteElo "1692"]
[BlackElo "2046"]
[PlyCount "102"]

1. e4 e5 2. Nf3 Nc6 3. Bb5 Nf6 4. O-O Nxe4 5. d4 Nd6 6. Bxc6 dxc6 7. dxe5 Nf5
8. Qxd8+ Kxd8 9. Nc3 Ke8 10. Bf4 h6 11. Ne4 Be6 12. Rad1 b6 13. Rfe1 Rd8 14.
Bd2 Ne7 15. h3 c5 16. Nh2 Nc6 17. Bf4 Nd4 18. Rd2 Be7 19. c3 Nc6 20. Ng4 Rxd2
21. Nxd2 Kd7 22. Rd1 Kc8 23. Ne4 Bxa2 24. Ne3 Be6 25. Kf1 a5 26. Ke2 Rd8 27.
Rxd8+ Bxd8 28. g4 Ne7 29. Bg3 Bd5 30. Nxd5 Nxd5 31. f4 Kd7 32. Kd3 Be7 33. f5
c6 34. b3 b5 35. h4 a4 36. bxa4 bxa4 37. c4 a3 38. cxd5 a2 39. e6+ Ke8 40. Be5
cxd5 41. Nxc5 Bxc5 42. exf7+ Kxf7 43. Kc2 Be7 44. Kb2 Bf6 45. Bxf6 Kxf6 46.
Kxa2 Ke5 47. Kb3 Kf4 48. g5 hxg5 49. hxg5 Kxg5 50. Kc3 Kxf5 51. Kd4 Kf4 0-1

[Event "Open Semana Santa 2023"]
[Site "?"]
[Date "2023.04.09"]
[Round "8.150"]
[White "Lazaro Azcutia, Miguel"]
[Black "Mata Medina, Andres"]
[Result "1-0"]
[WhiteElo "2042"]
[BlackElo "1673"]
[PlyCount "45"]

1. e4 c5 2. Nf3 d6 3. d4 cxd4 4. Nxd4 Nf6 5. Nc3 a6 6. Bg5 e6 7. f4 Be7 8. Qf3
Qc7 9. O-O-O Nbd7 10. g4 h6 11. Bxf6 Bxf6 12. h4 Bxd4 13. Rxd4 e5 14. Nd5 Qa5
15. Rd1 Rb8 16. Kb1 b5 17. g5 h5 18. Bh3 exf4 19. Bxd7+ Bxd7 20. Qxf4 O-O 21.
Nf6+ gxf6 22. gxf6 Kh7 23. Qf5+ 1-0

[Event "Open Semana Santa 2023"]
[Site "?"]
[Date "2023.04.09"]
[Round "8.151"]
[White "Blanco Sanchez, Jose Fernando"]
[Black "Jaime Galeano, Alcher"]
[Result "1-0"]
[WhiteElo "1971"]
[BlackElo "1672"]
[PlyCount "65"]
[EventDate "2023.??.??"]

1. e4 e5 2. Nf3 Nc6 3. Bc4 Bc5 4. b4 Bxb4 5. c3 Ba5 6. d4 exd4 7. O-O d6 8. Qb3
Qe7 9. cxd4 Nf6 10. e5 dxe5 11. d5 Nb4 12. a3 O-O 13. axb4 Bxb4 14. Bb2 Bd6 15.
Re1 e4 16. Nbd2 Re8 17. Bd3 Bf5 18. Ra4 Bd7 19. Ra2 Nxd5 20. Qxd5 Be6 21. Qd4
f5 22. Bc4 c5 23. Bxe6+ Kh8 24. Qc3 exf3 25. Nxf3 b5 26. Bd5 b4 27. Rxe7 bxc3
28. Rxe8+ Rxe8 29. Bxc3 Bb8 30. g3 Rd8 31. Re2 h6 32. Bc6 Rd3 33. Bb2 1-0

[Event "Open Semana Santa 2023"]
[Site "?"]
[Date "2023.04.09"]
[Round "8.152"]
[White "Roche Fraile, Carlos"]
[Black "Blazquez Sanz, Oscar"]
[Result "0-1"]
[WhiteElo "1593"]
[BlackElo "1896"]
[Annotator "Usuario"]
[PlyCount "94"]

1. e4 e6 2. d4 d5 3. Nc3 Bb4 4. Bd3 c5 5. a3 Bxc3+ 6. bxc3 Nc6 7. Nf3 c4 8.
exd5 exd5 9. Be2 Nf6 10. Bg5 Qa5 11. Bd2 Ne4 12. O-O O-O 13. Kh1 Bg4 14. Ng1
Bxe2 15. Nxe2 Rfe8 16. f3 Nd6 17. Nf4 Ne7 18. Re1 Ng6 19. Nxg6 hxg6 20. Qb1 b5
21. Qb2 Qb6 22. Bf4 Rxe1+ 23. Rxe1 Re8 24. Qc1 Kf8 25. Bxd6+ $11 Qxd6 26. Rxe8+
Kxe8 27. Kg1 Kd7 28. g3 Kc6 29. Qb2 a5 30. Kf2 g5 31. Qc1 f6 32. f4 gxf4 33.
Qxf4 Qxa3 34. Qg4 Qf8 35. Qe6+ Qd6 36. Qf7 Qd7 37. Qf8 Qd6 38. Qa8+ Kb6 39. Qg8
b4 40. cxb4 axb4 41. Qxg7 b3 42. cxb3 cxb3 43. Qg6 b2 44. Ke2 Qe7+ 45. Kd1 Qe4
46. Qxf6+ Kb5 47. Qf1+ Ka5 0-1

[Event "Open Semana Santa 2023"]
[Site "?"]
[Date "2023.04.09"]
[Round "8.153"]
[White "Kondrashov, Ivan V"]
[Black "Aura, Kristian"]
[Result "1-0"]
[WhiteElo "1582"]
[BlackElo "1877"]
[PlyCount "115"]

1. c4 e6 2. Nc3 d5 3. cxd5 exd5 4. d4 Nf6 5. Bf4 Be7 6. e3 O-O 7. Bd3 c6 8.
Nge2 Re8 9. O-O Nbd7 10. h3 Nf8 11. a3 a5 12. Rb1 Ne6 13. Bh2 Bd7 14. b4 axb4
15. axb4 Ng5 16. Qc2 Rc8 17. Qb2 b5 18. Rfc1 Rf8 19. Ra1 Ra8 20. Rxa8 Qxa8 21.
Ra1 Qb7 22. Nc1 Ne6 23. Be2 Ra8 24. Nd3 Ne4 25. Ra3 Rxa3 26. Qxa3 Nd2 27. Qa2
Nc4 28. Nd1 Bc8 29. Kf1 Kf8 30. Bg4 Qa6 31. Qxa6 Bxa6 32. Bxe6 fxe6 33. Nc3 Na3
34. Bb8 Nc2 35. Na2 Ke8 36. Ba7 Bc8 37. Bc5 Bf6 38. Nc3 Bd7 39. Ke2 Kd8 40. Nb1
Na1 41. Nc1 e5 42. Nd3 exd4 43. Bxd4 Bxd4 44. exd4 c5 45. dxc5 d4 46. Na3 Bf5
47. Nxb5 Nc2 48. Nd6 Bg6 49. b5 Kc7 50. Kd2 Na1 51. Nc1 Nc2 52. Nc4 Nb4 53. Ne5
Be8 54. b6+ Kb7 55. Nb3 Na6 56. Kd3 Ba4 57. Na5+ Kb8 58. Kxd4 1-0